Modeling and analysis of telecommunications networks /

This book covers at an advanced level mathematical methods for analysis of telecommunication networks. The book concentrates on various call models used in telecommunications such as quality of service (QoS) in packet-switched Internet Protocol (IP) networks, Asynchronous Transfer Mode (ATM), and Ti...

Full description

Bibliographic Details
Main Author: Hayes, Jeremiah F., 1934-
Other Authors: Babu, Thimma V. J. Ganesh
Format: eBook
Language:English
Language Notes:English.
Published: Hoboken, N.J. : Wiley-Interscience, ©2004.
Subjects:
Online Access:Connect to the full text of this electronic book

MARC

Tag First Indicator Second Indicator Subfields
LEADER 00000nam a2200000 a 4500
001 in00004679021
006 m o d
007 cr cnu---unuuu
008 040319s2004 njua ob 001 0 eng d
005 20260214200003.3
020 |a 0471643394  |q (electronic bk.) 
020 |a 9780471643395  |q (electronic bk.) 
020 |a 0471643505 
020 |a 9780471643500 
020 |a 9780471348450  |q (Cloth hc.) 
020 |a 0471348457  |q (Cloth hc.) 
020 |a 1280367970 
020 |a 9781280367977 
020 |a 9786610367979 
020 |a 6610367973 
020 |a 0470303522 
020 |a 9780470303528 
024 7 |a 10.1002/0471643505  |2 doi 
035 |a wil6007436 
035 |a (NhCcYBP)wil6007436 
037 |b OverDrive, Inc.  |n http://www.overdrive.com 
037 |a A70431C4-1FC3-49B6-BEA3-20373E8E0EE1  |b OverDrive, Inc.  |n http://www.overdrive.com 
040 |a NhCcYBP  |b eng  |c NhCcYBP 
042 |a dlr 
050 4 |a TK5101  |b .H39 2004eb 
072 7 |a TEC  |x 041000  |2 bisacsh 
082 0 4 |a 621.382/1  |2 22 
084 |a TN915. 0  |2 clc 
100 1 |a Hayes, Jeremiah F.,  |d 1934- 
245 1 0 |a Modeling and analysis of telecommunications networks /  |c Jeremiah F. Hayes, Thimma V.J. Ganesh Babu. 
260 |a Hoboken, N.J. :  |b Wiley-Interscience,  |c ©2004. 
300 |a 1 online resource (xx, 393 pages) :  |b illustrations 
336 |a text  |b txt  |2 rdacontent 
337 |a computer  |b c  |2 rdamedia 
338 |a online resource  |b cr  |2 rdacarrier 
347 |a data file 
504 |a Includes bibliographical references and index. 
505 0 0 |t Retrieving Files from the Wiley FTP and Internet Sites --  |t Performance Evaluation in Telecommunications --  |t Introduction: The Telephone Network --  |t Customer Premises Equipment --  |t The Local Network --  |t Long-Haul Network --  |t Switching --  |t The Functional Organization of Network Protocols --  |t Approaches to Performance Evaluation --  |t Queueing Models --  |t Basic Form --  |t A Brief Historical Sketch --  |t Computational Tools --  |t Probability and Random Processes Review --  |t Basic Relations --  |t Set Functions and the Axioms of Probability --  |t Conditional Probability and Independence --  |t The Law of Total Probability and Bayes' Rule --  |t Random Variables--Probability Distributions and Densities --  |t The Cumulative Distribution Function --  |t Discrete Random Variables --  |t Continuous Random Variables --  |t Joint Distributions of Random Variables --  |t Probability Distributions --  |t Joint Moments --  |t Autocorrelation and Autocovariance Functions --  |t Linear Transformations --  |t Single Variable --  |t Sums of Random Variables --  |t Transformed Distributions --  |t Inequalities and Bounds --  |t Markov Chains --  |t The Memoryless Property --  |t State Transition Matrix --  |t Steady-State Distribution --  |t Random Processes --  |t Defintion: Ensemble of Functions --  |t Stationarity and Ergodicity --  |t Markov Processes --  |t Application of Birth and Death Processes to Queueing Theory --  |t Elements of the Queueing Model --  |t Little's Formula --  |t A Heuristic --  |t Graphical Proof --  |t Basic Relationship for the Single-Server Queue --  |t The Poisson Process --  |t Basic Properties --  |t Alternative Characterizations of the Poisson Process. 
588 0 |a Print version record. 
533 |a Electronic reproduction.  |b [Place of publication not identified] :  |c HathiTrust Digital Library,  |d 2010.  |5 MiAaHDL 
538 |a Master and use copy. Digital master created according to Benchmark for Faithful Digital Reproductions of Monographs and Serials, Version 1. Digital Library Federation, December 2002.  |u http://purl.oclc.org/DLF/benchrepro0212  |5 MiAaHDL 
583 1 |a digitized  |c 2010  |h HathiTrust Digital Library  |l committed to preserve  |2 pda  |5 MiAaHDL 
520 |a This book covers at an advanced level mathematical methods for analysis of telecommunication networks. The book concentrates on various call models used in telecommunications such as quality of service (QoS) in packet-switched Internet Protocol (IP) networks, Asynchronous Transfer Mode (ATM), and Time Division Multiplexing (TDM). Professionals, researchers, and graduate and advanced undergraduate students of telecommunications will benefit from this invaluable guidebook. An Instructor's Manual presenting detailed solutions to all the problems in the book is available online from the Wil. 
546 |a English. 
650 0 |a Telecommunication systems. 
700 1 |a Babu, Thimma V. J. Ganesh. 
776 0 8 |i Print version:  |a Hayes, Jeremiah F., 1934-  |t Modeling and analysis of telecommunications networks.  |d Hoboken, N.J. : Wiley-Interscience, ©2004  |z 0471348457  |w (DLC) 2003020806 
856 4 0 |u http://proxy.library.tamu.edu/login?url=https://onlinelibrary.wiley.com/book/10.1002/0471643505  |z Connect to the full text of this electronic book  |t 0 
955 |a Wiley EBA record 
975 |p Wiley UBCM Full Collection 2026 
999 f f |s d9f58852-f8d5-47cd-8eb0-8471d90e3f92  |i 091882b6-d525-42a3-822f-d1c1bbb6e20c  |t 0 
952 f f |a Texas A&M University  |b College Station  |c Electronic Resources  |s evans_pda  |d Available Online  |t 0  |e TK5101 .H39 2004eb  |h Library of Congress classification 
998 f f |a TK5101 .H39 2004eb  |t 0  |l Available Online